Newcastle United Squad 2017-2018 - Statistics

General Stats
  • This quiz has been taken 21 times
  • The average score is 16 of 32
Answer Stats
# Position Nation Player % Correct
12 GK Slovakia Martin Dúbravka
95%
17 FW Spain Ayoze Pérez
79%
3 DF Wales Paul Dummett
79%
22 DF United States DeAndre Yedlin
74%
6 DF England Jamaal Lascelles
74%
- Coach Spain Rafa Benítez
74%
11 MF Scotland Matt Ritchie
68%
8 MF England Jonjo Shelvey
63%
30 FW Ghana Christian Atsu
58%
2 DF Ireland Ciaran Clark
58%
9 FW England Dwight Gayle
58%
19 DF Spain Javier Manquillo
58%
23 MF Spain Mikel Merino
53%
45 FW Serbia Aleksandar Mitrović
47%
18 DF DR Congo Chancel Mbemba
47%
21 FW Spain Joselu
47%
10 MF Senegal Mohamed Diamé
47%
24 MF Senegal Henri Saivet
42%
13 FW Algeria Islam Slimani
42%
7 FW England Jacob Murphy
42%
26 GK England Karl Darlow
42%
1 GK Ireland Rob Elliot
42%
20 DF France Florian Lejeune
37%
14 MF England Isaac Hayden
37%
41 GK England Freddie Woodman
32%
16 FW Jamaica Rolando Aarons
32%
27 DF Spain Jesús Gámez
26%
25 DF Mali Massadio Haïdara
26%
38 DF Australia Curtis Good
21%
15 MF Brazil Kenedy
21%
35 MF England Dan Barlaser
16%
42 DF England Jamie Sterry
16%
No matching quizzes found
Score Distribution
Percent of People with Each Score
Percentile by Number Answered
Your Score History
You have not taken this quiz